000 00306nam a2200109Ia 4500
008 200302s9999 xx 000 0 und d
100 _aPeter Phillips & Other
245 _aRepeat Patterns a Manual for Designers Artists and Architects
260 _bThames and Hudson Ltd.
260 _c1993
300 _a192 P.,
999 _c883
_d883